| 000 | 00549cam a22001817a 4500 | ||
|---|---|---|---|
| 020 | _a9251045933 | ||
| 040 | _cFQG | ||
| 082 | _a338 FOO 2001 A064 Or. | ||
| 100 | 1 | _aEaton, Charles, | |
| 245 | 1 | 0 |
_aContract farming : _bpartnerships for growth / |
| 260 |
_aRome : _bFood and Agriculture Organization of the United Nations, _cc2001. |
||
| 300 |
_aix, 166 p. : _bill. ; _c23 cm. |
||
| 500 | _a"TC/M/Y0937E/1/6.01/1500"--P. [4] of cover. | ||
| 650 | 0 | _aAgricultural contracts. | |
| 650 | 0 | _aAgriculture | |
| 700 | 1 | _aShepherd, Andrew. | |
| 942 | _cEK | ||
| 999 |
_c14109 _d14109 |
||